Doctor Who Series One Episodes By Image - Statistics

General Stats
  • This quiz has been taken 112 times
  • The average score is 11 of 13
Answer Stats
Picture Answer % Correct
Rose
98%
Father's Day
93%
Dalek
92%
The End of the World
87%
The Doctor Dances
85%
The Empty Child
84%
Bad Wolf
80%
The Unquiet Dead
77%
World War Three
76%
Aliens of London
75%
The Parting of the Ways
75%
Boom Town
72%
The Long Game
72%
No matching quizzes found
Score Distribution
Percent of People with Each Score
Percentile by Number Answered
Your Score History
You have not taken this quiz